Codex gregorianus origini e vicende
Guardat en:
| Autor principal: | |
|---|---|
| Format: | Llibre |
| Idioma: | italià |
| Publicat: |
Nápoles
Jovene Editore
2005
|
| Matèries: | |
| Etiquetes: |
Afegir etiqueta
Sense etiquetes, Sigues el primer a etiquetar aquest registre!
|
MARC
| LEADER | 00000nam a2200000 a 4500 | ||
|---|---|---|---|
| 001 | UCI2620 | ||
| 003 | CL-VaPUC | ||
| 008 | 070831e20050000IT |||||||||||||||||ita|d | ||
| 020 | |a 8824315836 | ||
| 082 | 0 | 4 | |a 340.54 |b URB |2 21 |
| 100 | 0 | |a Urbano Sperandio, Marco |e author |9 523677 | |
| 245 | 1 | 0 | |a Codex gregorianus origini e vicende |
| 300 | |a 427 p | ||
| 942 | |c BK | ||
| 945 | |d 20070831 00:00:00 |a jtorresc | ||
| 260 | |a Nápoles |b Jovene Editore |c 2005 | ||
| 650 | 0 | |a Derecho romano |9 255930 | |
| 583 | |a last modification |c 20070831 00:00:00 |k Rodrigo Vera | ||
| 999 | |c 327105 |d 327103 | ||
| 952 | |0 0 |1 0 |4 0 |6 340_540000000000000_URB_2005 |7 0 |8 DER_ROM |9 409543 |a BIBDER |b BIBDER |d 2019-11-22 |i 4367952 |o 340.54 URB 2005 |p 4367952 |r 2023-01-25 |w 2019-11-22 |x Ubicación 4to piso |y BK |z Este recurso debe solicitarse con anticipación |k DER | ||